Ku genéze československej štátnosti historické predpoklady

Bibliographic Details
Main Author: Matoušek, Stanislav, 1927- (Author)
Format: Book
Language:Slovak
PhysicalDescription:174 strán 24 cm
Published: [V Bratislave] [Univerzita Komenského] 1978
Edition:1. vyd.
Subjects:

MARC

LEADER 00000cam a2200000 a 4500
001 vtls001114085
003 SK-MaSNL
005 20260301153604.0
008 240226s1978 xo frn 000 0 slo
015 |a SNBA1978 
020 |q (viazané) 
035 |a SNK000056928 
035 |a 4A29B369-6287-449D-82D9-1D764BD22111 
035 |a urn:nbn:sk:snk-am00iduk 
040 |a SNK  |b slo  |c SNK  |e AACR2 
041 0 |a slo 
043 |a e-cs--- 
044 |a xo  |c SK 
072 7 |a 323  |x Vnútropolitický vývoj, politický život  |2 konspekt 
072 7 |a 94(437)  |x Dejiny Československa  |2 konspekt 
080 |a (=162.3)  |2 2011 
080 |a (=162.4)  |2 2011 
080 |a 94(437)  |2 2011 
080 |a (048.8)  |2 2011 
080 |a (0.02/.08:001)  |2 2011 
080 |a 323.11:316.356.4(091)  |2 2011 
100 1 |a Matoušek, Stanislav,  |d 1927-  |4 aut  |9 233496 
245 1 0 |a Ku genéze československej štátnosti  |b historické predpoklady  |c Stanislav Matoušek 
250 |a 1. vyd. 
260 |a [V Bratislave]  |b [Univerzita Komenského]  |c 1978 
300 |a 174 strán  |c 24 cm 
366 |e 800 kusov 
504 |a Bibliografia na strane 155-174 
648 7 |a 19. storočie  |2 SNKPH  |9 277854 
650 0 7 |a Česi  |2 SNKPH  |9 24818 
650 0 7 |a Slováci  |2 SNKPH  |9 22552 
650 0 7 |a národnostná otázka  |2 SNKPH  |9 98538 
650 0 7 |a medzinárodné vzťahy  |2 SNKPH  |9 3690 
650 0 7 |a štátnosť  |2 SNKPH  |9 282675 
651 7 |a Československo  |x dejiny  |2 SNKPHgeo  |9 161432 
655 7 |a vedecké práce  |2 SNKPH  |9 86817 
655 7 |a štúdie  |2 SNKPH  |9 57033 
752 |a Slovensko  |d Bratislava 
852 |a Slovenská národná knižnica 
954 |a odborná, vedecká literatúra pôvodná (slovenská)  |2 lita 
958 |a RK 
958 |a TL 
958 |a NB 
958 |a OND 
958 |a SP 
958 |a EUIPO 
999 |c 793602  |d 795532 
952 |a SNK  |b SNK  |y VYP  |7 0  |p 17A0572795  |o snkSC 45531 D1  |i snkKSP 598/79  |0 0  |1 0  |4 0  |d 2008-02-13  |l 0  |r 2026-02-24 01:45:26  |w 2026-02-24 
952 |a SNK  |b SNK  |y PREZ  |7 0  |p 17A0792410  |o snkSC 45531  |i snkKSP 597/79  |0 0  |1 0  |4 0  |d 2012-07-31  |f 1  |l 0  |r 2025-10-27 00:00:00  |w 2026-02-24